[Event "EU-ch U12 24th"]
[Site "Batumi"]
[Date "2014.10.24"]
[Round "6"]
[White "Djian, Lenny"]
[Black "Gitzman, Michael"]
[Result "1/2-1/2"]
[WhiteElo "1463"]
[BlackElo "1772"]
[PlyCount "23"]
[EventDate "2014.10.19"]
[EventType "swiss"]
[EventRounds "9"]
[EventCountry "GEO"]
[SourceTitle "EXT 2016"]
[Source "ChessBase"]
[SourceDate "2015.10.08"]
[SourceVersion "1"]
[SourceVersionDate "2015.10.08"]
[SourceQuality "1"]

1. d4 d5 2. c4 e6 3. cxd5 exd5 4. Nc3 Nf6 5. Bg5 Be7 6. e3 0-0 7. Qd2 c6 8. Bd3 h6 9. Bf4 b6 10. h3 Ba6 11. Bxa6 Nxa6 12. a3 1/2-1/2

[Event "FRA-ch op"]
[Site "Nimes"]
[Date "2014.08.25"]
[Round "8"]
[White "Djian, Lenny"]
[Black "Gourbiere, Yohan"]
[Result "1/2-1/2"]
[WhiteElo "1431"]
[BlackElo "1341"]
[PlyCount "87"]
[EventDate "2014.08.17"]
[EventType "swiss"]
[EventRounds "11"]
[EventCountry "FRA"]
[SourceTitle "EXT 2015"]
[Source "ChessBase"]
[SourceDate "2014.11.20"]
[SourceVersion "1"]
[SourceVersionDate "2014.11.20"]
[SourceQuality "1"]

1. d4 d5 2. c4 dxc4 3. e3 e6 4. Bxc4 c5 5. Nf3 Nf6 6. Nc3 a6 7. a4 Be7 8. 0-0 0-0 9. Qc2 cxd4 10. exd4 Qc7 11. Bd3 b6 12. Bg5 h6 13. Bh4 Bb7 14. Be2 Ng4 15. Bg3 Bd6 16. h3 Bxg3 17. hxg4 Bf4 18. Rfd1 Nd7 19. Ne1 Nf6 20. Nd3 Bd6 21. Rac1 Rac8 22. Qb3 Qd8 23. Ne1 Bb8 24. Bf3 Bxf3 25. Nxf3 Nxg4 26. d5 exd5 27. Rxd5 Qc7 28. Ne2 Qb7 29. Rcd1 Nf6 30. R5d3 Ba7 31. Nc3 Rce8 32. R3d2 Qc7 33. Nd5 Nxd5 34. Rxd5 Rd8 35. Rxd8 Rxd8 36. Rxd8+ Qxd8 37. Ne5 Qf6 38. Ng4 Qe6 39. Qf3 Bb8 40. g3 f5 41. Ne3 g6 42. Qa8 Qc8 43. Qd5+ Qe6 44. Qa8 1/2-1/2

[Event "FRA-chT U20 16 GP Haute 1213"]
[Site "France"]
[Date "2013.05.19"]
[Round "10"]
[White "Bassini, Emile"]
[Black "Djian, Lenny"]
[Result "1-0"]
[WhiteElo "1476"]
[BlackElo "1353"]
[PlyCount "59"]
[EventDate "2012.12.01"]
[EventType "team"]
[EventRounds "11"]
[EventCountry "FRA"]
[SourceTitle "EXT 2014"]
[Source "ChessBase"]
[SourceDate "2013.11.20"]
[SourceVersion "1"]
[SourceVersionDate "2013.11.20"]
[SourceQuality "1"]
[WhiteTeam "Bois Colombes (U20)"]
[BlackTeam "Cannes (U20)"]
[WhiteTeamCountry "FRA"]
[BlackTeamCountry "FRA"]

1. e4 c6 2. d4 d5 3. Nc3 dxe4 4. Nxe4 Bf5 5. Ng3 Bg6 6. h4 h6 7. h5 Bh7 8. Nf3 Nf6 9. Bd3 Bxd3 10. Qxd3 e6 11. Bd2 Bd6 12. Ne4 Nxe4 13. Qxe4 Nd7 14. 0-0-0 Nf6 15. Qd3 0-0 16. Rdg1 Qc7 17. g4 Bf4 18. g5 Nh7 19. gxh6 Bxd2+ 20. Qxd2 f6 21. Rxg7+ Kh8 22. Rxc7 Rab8 23. Rg1 Rfd8 24. Rxh7+ Kxh7 25. Rg7+ Kh8 26. Ng5 Rf8 27. Rh7+ Kg8 28. Qd3 f5 29. Qg3 f4 30. Qd3 1-0

[Event "FRA-chT U20 GpA 1213"]
[Site "France"]
[Date "2013.01.06"]
[Round "7"]
[White "Djian, Lenny"]
[Black "Buyukyalcin Moussa, Elyes"]
[Result "1-0"]
[WhiteElo "1353"]
[BlackElo "1440"]
[PlyCount "63"]
[EventDate "2012.12.01"]
[EventType "team"]
[EventRounds "7"]
[EventCountry "FRA"]
[SourceTitle "EXT 2014"]
[Source "ChessBase"]
[SourceDate "2013.11.20"]
[SourceVersion "1"]
[SourceVersionDate "2013.11.20"]
[SourceQuality "1"]
[WhiteTeam "Cannes (U20)"]
[BlackTeam "Bischwiller (U20)"]
[WhiteTeamCountry "FRA"]
[BlackTeamCountry "FRA"]

1. d4 Nf6 2. c4 g6 3. Nc3 Bg7 4. e4 d6 5. Bd3 0-0 6. Nge2 c5 7. d5 e6 8. 0-0 Nbd7 9. Ng3 Ne5 10. Be2 exd5 11. cxd5 Bg4 12. h3 Bxe2 13. Qxe2 Rc8 14. Be3 a6 15. a4 Re8 16. Rac1 Rb8 17. Rfe1 c4 18. Red1 Rc8 19. Rc2 Nfd7 20. Rb1 Kh8 21. b3 cxb3 22. Rxb3 Rc7 23. Nd1 Rxc2 24. Qxc2 Qb8 25. f4 Rc8 26. Rc3 Nf3+ 27. gxf3 Bxc3 28. Nxc3 Qc7 29. Qb2 Kg8 30. Nge2 Nc5 31. Qc2 Qe7 32. Qd1 1-0

[Event "FRA-chT U20 GpA 1213"]
[Site "France"]
[Date "2013.01.05"]
[Round "6"]
[White "Juncker, Jules"]
[Black "Djian, Lenny"]
[Result "0-1"]
[WhiteElo "1220"]
[BlackElo "1353"]
[PlyCount "90"]
[EventDate "2012.12.01"]
[EventType "team"]
[EventRounds "7"]
[EventCountry "FRA"]
[SourceTitle "EXT 2014"]
[Source "ChessBase"]
[SourceDate "2013.11.20"]
[SourceVersion "1"]
[SourceVersionDate "2013.11.20"]
[SourceQuality "1"]
[WhiteTeam "Mulhouse (U20)"]
[BlackTeam "Cannes (U20)"]
[WhiteTeamCountry "FRA"]
[BlackTeamCountry "FRA"]

1. d4 d5 2. c4 c6 3. Nc3 dxc4 4. e4 b5 5. a4 b4 6. Na2 e6 7. Bxc4 Nf6 8. f3 Be7 9. Be3 0-0 10. Ne2 Qc7 11. 0-0 Rd8 12. Qb3 Qa5 13. Nac1 Ba6 14. Bxa6 Nxa6 15. Nd3 Rdc8 16. Rfc1 c5 17. Rc2 Rc7 18. d5 exd5 19. exd5 Bd6 20. Ng3 Rac8 21. Rac1 Nd7 22. Nf5 Bf8 23. Qa2 g6 24. Ng3 c4 25. Rxc4 Rxc4 26. Rxc4 Qxd5 27. Bxa7 Qxc4 28. Qxc4 Rxc4 29. Nf2 Rc1+ 30. Nf1 Rb1 31. Bd4 Bc5 32. Bxc5 Ndxc5 33. g3 Rxb2 34. g4 b3 35. Nd1 Rb1 36. Nc3 Rc1 37. Ne2 b2 38. Nxc1 bxc1Q 39. a5 Nd3 40. h3 Nf4 41. Kf2 Qc5+ 42. Kg3 Ne2+ 43. Kh4 g5+ 44. Kh5 Kg7 45. h4 Nf4# 0-1